000 01063cam a22002415a 4500
001 L139044
002 16669
008 070720s2007 xxk f 000 0 eng d
020 _a9781842193273
035 _a(Sirsi) u139044
041 0 _aeng
050 0 4 _a690.22 $2 18
100 1 _aBaker, Tony
245 0 0 _aCDM 2007
_ba guide for clients and their advisors
260 _aLondon
_bRICS Books
_c2007
300 _aix, 185p.
_bill.
_c30cm.
505 2 _aThe legislative framework -- Setting the scene -- CDM 2007 at a glance -- The client -- Getting a project started -- Buying the construction work -- Competence and resources -- Commencing the construction phase -- Provision of information -- The health and safety file -- Construction-related legislation -- Enforcement and lessons to be learned -- Appendices (includes checklists)
590 _aKA
650 2 4 _aCONSTRUCTION (DESIGN AND MANAGEMENT) REGULATIONS 2007
651 4 _aUnited Kingdom
_y
690 _aBUILT ENVIRONMENT-CONSTRUCTION MANAGEMENT-CONSTRUCTION DESIGN AND MANAGEMENT
942 _n0
999 _c107268
_d107268